Komparácia daňového a odvodového zaťaženia SZČO vo vybraných krajinách EÚ diplomová práca

Enregistré dans:
Détails bibliographiques
Auteur principal: Pallyaová, Tímea
Collectivité auteur: Fakulta podnikového manažmentu EU. Katedra podnikovohospodárska
Autres auteurs: Bukovová, Sylvia, 1959-
Format: Livre
Langue:slovaque
Publié: Bratislava 2018
Tags: Ajouter un tag
Pas de tags, Soyez le premier à ajouter un tag!

MARC

LEADER 00000nbm a2200000 4500
001 0244953
005 20181004112042.2
041 0 |a slo 
044 |a SK 
245 1 0 |a Komparácia daňového a odvodového zaťaženia SZČO vo vybraných krajinách EÚ  |b diplomová práca  |c Tímea Pallyaová ; školiteľ: Sylvia Bukovová 
264 1 |a Bratislava  |c 2018 
300 |a 59 s. 
100 1 |a Pallyaová, Tímea 
700 1 |a Bukovová, Sylvia, 1959- 
710 2 |a Fakulta podnikového manažmentu EU. Katedra podnikovohospodárska